1673 1248 1047 1711 1807 1857 1716 1437 1867 1255 1591 1308 1487 1803 1711 1866 1030 1093 1786 1165 1399 1885 1562 1818 1337 1088 1778 1481 1687 1643 1911 1782 1622 1018 1681 1000 1206 1194 1206 1197 1085 1472 1683 1126 1236 1768 1278 1088 1425 1308 1291 1185 1193 1266 1393 1945 1750 1341 1369 1803 1238 1754 1119 1417 1950 1651 1033 1738 1216 1628 1467 1087 1989 1649 1897 1964 1021 1651 1559 1687 1793 1749 1173 1053 1491 2000 1253 1174 1516 1600 1276 1546 1280 1439 1264 1348 1463 1884 1584 BCNSPRNW ULIB Ver.6.0+V

เปลี่ยนเป็นภาษาไทย

Change to English
 แสดงรายละเอียดบรรณานุกรม
  กลับหน้าหลัก

Brief Record : Get Marc (ISO 2709) : E-mail record : QR code < ปิดหน้าต่าง
LEADER : 00000nam 2200000uu 4500
001    13399122550
003     ULIB
008    020711s2549 th a 000 0 tha d
020    9743414061
020    9789743414060
090    นว.^bอ111พ
100    อาธา คริสตี้,^eเขียน
245    พยานใบ้./^cอาธา คริสตี้;เขียน,เปี่ยมสุข;แปล
250    พิมพ์ครั้งที่ 1
260    กรุงเทพฯ :^bสร้างสรรค์บุ๊คส์,^c2549
300    334 หน้า
700    เปี่ยมสุข,^eแปล
945    ^p140^l0^i19998
999    ^aทศพร เกษรทอง
รายการนี้ยังไม่มีแท็ก
คุณยังไม่ได้ล็อกอิน คุณสามารถมีกิจกรรมร่วมกับเว็บไซต์ได้ แต่ต้องล็อกอินก่อน ::
  ล็อกอิน

รายการสื่อสารสนเทศ

ลำดับที่ ประเภท เลขเรียก/บาร์โค้ด สถานที่ สถานะ
1. นวนิยาย
นวนิยาย
นว. อ111พ ฉ.1 
  Barcode: 19998
ห้องสมุดวิทยาเขตสวรรค์ประชารักษ์
►นวนิยาย
บนชั้น
  ขอยืม

BibComment


ยังไม่เคยถูกคอมเมนท์

คอมเมนท์ทรัพยากรรายการนี้
  คอมเมนท์: พยานใบ้ อาธา คริส..


 Copyright 2026. Bcnsprnw @Library